¿Qué son los derechos humanos? (Registro nro. 14470)

Detalles MARC
000 -LIDER
fixed length control field 01401nam a2200313Ia 4500
001 - NÚMERO DE CONTROL
Identificador de número de control
003 - IDENTIFICACDOR DE NÚMERO DE CONTROL
control field DO-SdBNP
005 - DATE AND TIME OF LATEST TRANSACTION
control field 20231005131550.0
008 - ELEMENTOS DE LONGITUD FIJA
fixed length control field 140604s20uu dr 000 0spa d
020 ## - ISBN
International Standard Book Number
040 ## - FUENTE DE CATALOGACIÓN
Agencia que crea de manera original el registro BPMSU
Idioma de catalogación spa
Agencia que realiza la transcripción BPMSU
082 #4 - NÚMERO DE CLASIFICACIÓN DECIMAL DE DEWEY
Classification number 323
Item number Q3s
Edition number 22
110 ## - ASIENTO PRINCIPAL--NOMBRE CORPORATIVO
Nombre corporativo o de jurisdicción
245 00 - MENCIÓN DE TITULO
Título ¿Qué son los derechos humanos?
Mención de responsabilidad
260 ## - PUBLICACIÓN, DISTRIBUCIÓN, ETC. (PIE DE IMPRENTA)
Lugar de publicación, distribución, etc Santo Domingo:
Nombre del editor, distribuidor, etc. Youthforhumanrights,
Fecha de publicación, distribución, etc 200-?
300 ## - DESCRIPCIÓN FÍSICA
Extensión 46 p. ;
Dimensiones 23 cm.
505 0# - NOTA DE CONTENIDO
Texto normalizado de contenido Presencia histórica del cristianismo en la cultura occidental / Manuel Maceiras Fafián -- La fundamentación axiológica de los derechos humanos y la teoría clásica de la Justicia Distributiva / María Antonietta Salamone Savona --Protagonistas de la defensa de los nativos en La Española / Jesús Cordero Pando -- Derechos humanos y patrimonio cultural inmaterial / Graciano González R. Arnáiz -- Educación para la solidaridad y la tolerancia / Luis Méndez Francisco y David Méndez Coca.
590 ## - NOTA LOCAL
Texto de la nota local Inventariado, 2023/VM
650 #4 - ENCABEZAMIENTO DE MATERIA--TEMÁTICO
Término temático o nombre geográfico como elemento de entrada Derechos humanos
Subdivisión geográfica América Latina
Subdivisión temática general
650 #4 - ENCABEZAMIENTO DE MATERIA--TEMÁTICO
Término temático o nombre geográfico como elemento de entrada Derechos de los indígenas
Subdivisión geográfica América Latina.
Subdivisión temática general
651 #4 - ENCABEZAMIENTO DE MATERIA--NOMBRE GEOGRÁFICO
Nombre geográfico América Latina
Subdivisión temática general Historia.
700 1# - ASIENTO SECUNDARIO -- NOMBRE PERSONAL
Nombre personal
710 2# - ASIENTO SECUNDARIO -- NOMBRE CORPORATIVO
Nombre corporativo o de jurisdicción Universidad APEC (República Dominicana)
852 ## - LOCALIZACIÓN
Número de copia 1
856 ## - UBICACIÓN ELECTRÓNICA Y ACCESO
Materiales especificados Archivo Digital Biblioteca Nacional
856 ## - UBICACIÓN ELECTRÓNICA Y ACCESO
Identificador Uniforme del Recurso (“URI”) biblio.bnphu.gob.do/Archivos_Digitales/PDF
910 ## - VALIDACIÓN
Validación VMateo V. Control de calidad. BPMSU
942 ## - ADDED ENTRY ELEMENTS (KOHA)
Source of classification or shelving scheme Dewey Decimal Classification
Koha item type Libros
Existencias
Withdrawn status Lost status Source of classification or shelving scheme Damaged status Not for loan Collection code Home library Current library Date acquired Total Checkouts Full call number Barcode Date last seen Price effective from Koha item type Copy number
    Dewey Decimal Classification     Colección General Biblioteca Pública Metropolitana Salomé Ureña Biblioteca Pública Metropolitana Salomé Ureña 10/05/2023   BPMSU CG 323 Q3s BPMSU23100008 10/05/2023 10/05/2023 Libros  
    Dewey Decimal Classification     Colección General Biblioteca Pública Metropolitana Salomé Ureña Biblioteca Pública Metropolitana Salomé Ureña 10/05/2023   BPMSU CG 323 Q3s BPMSU23100009 10/05/2023 10/05/2023 Libros e.2
    Dewey Decimal Classification     Colección General Biblioteca Pública Metropolitana Salomé Ureña Biblioteca Pública Metropolitana Salomé Ureña 10/05/2023   BPMSU CG 323 Q3s BPMSU23100010 10/05/2023 10/05/2023 Libros e.3